• 首页
  • 本馆介绍
  • 公告通知
  • 最新文献
  • 馆藏检索
  • 电子资源
  • 读者导购
  • 参考咨询
  • 我的图书馆
  • 登录
  • 详细信息显示
  • 放入我的书架
  • 预约/预借图书
  • 作者相关作品
  • 分类相关作品
  • 丛书相关作品
  • 出版社相关作品

书目信息

  • 表格格式
  • 工作单格式
  • 卡片格式
题名:
中国中部农区农户经济活动区位研究
    
 
作者: 高更和 著
分册:  
出版信息: 北京   经济科学出版社  2013
页数: 211页
开本: 24cm
丛书名:
单 册:
中图分类: F327.613
科图分类:
主题词: 农户经济--区位经济--研究--南阳 , 农户经济 , 区位经济
电子资源:
ISBN: 978-7-5141-3856-6
000 01281nam0 2200277 450
001 523
005 20140909094205.35
010    @a978-7-5141-3856-6@dCNY56.00
100    @a20131210d2013 emky0chiy50 ea
101 0  @achi
102    @aCN@b110000
105    @ay z 000yy
106    @ar
200 1  @a中国中部农区农户经济活动区位研究@AZhong Guo Zhong Bu Nong Qu Nong Hu Jing Ji Huo Dong Qu Wei Yan Jiu@e以河南省南阳市6个村为例@EYi He Nan Sheng Nan Yang Shi 6 Ge Cun Wei Li@f高更和著@FGao Geng He Zhu
210    @a北京@c经济科学出版社@d2013
215    @a211页@d24cm
300    @a国家自然科学基金资助项目 教育部人文社会科学研究一般项目 中国博士后科学基金项目
330    @a本书在实地入户调查6村444户农户的基础上,建立了288×157农户务工区位数据库和156×196农户农业生产区位数据库,在相关理论如区位论、地理空间交互作用理论、农户组织理论、行为论和区域发展理论的指导下,采用定性与定量分析相结合的方法,对农户务工区位和农业生产区位及其影响因素进行了研究。
517 1  @a以河南省南阳市6个村为例@AYi He Nan Sheng Nan Yang Shi 6 Ge Cun Wei Li
606 0  @a农户经济@x区位经济@x研究@y南阳
606 0  @a农户经济
606 0  @a区位经济
690    @aF327.613@v5
701  0 @a高更和@AGao Geng He@f(1962~)@4著
801  0 @aCN@bTANGWEI@c20140603
905    @b0840542-44@dF327.613@e156@f3
    
    中国中部农区农户经济活动区位研究:以河南省南阳市6个村为例/高更和著.-北京:经济科学出版社,2013
    211页;24cm
    国家自然科学基金资助项目 教育部人文社会科学研究一般项目 中国博士后科学基金项目
    
    ISBN 978-7-5141-3856-6:CNY56.00
    本书在实地入户调查6村444户农户的基础上,建立了288×157农户务工区位数据库和156×196农户农业生产区位数据库,在相关理论如区位论、地理空间交互作用理论、农户组织理论、行为论和区域发展理论的指导下,采用定性与定量分析相结合的方法,对农户务工区位和农业生产区位及其影响因素进行了研究。
●
相关链接 在E读中查询图书 在五车中查询图书 在当当中查询图书 在豆瓣中查询图书


正题名:中国中部农区农户经济活动区位研究     索取号:F327.613/156         预约/预借

序号 登录号 条形码 馆藏地/架位号 状态 备注
1 0840542   208405420   第一样本阅览室/ [索取号:F327.613/156] 在馆    
2 0840543   208405439   密集书库-海洋学院/ [索取号:F327.613/156] 在馆    
3 0840544   208405448   第一借阅区/ [索取号:F327.613/156] 在馆    
唐山师范学院图书馆 欢迎您!
大连网信软件有限公司© 版权所有